المضاربة الشرعية وتطبيقاتها الحديثة almudarabat alshareiat watatbiqatuha alhaditha / (Record no. 81178)
[ view plain ]
| 000 -LEADER | |
|---|---|
| fixed length control field | 00794aaa a22002175a 4500 |
| 001 - CONTROL NUMBER | |
| control field | 81178 |
| 003 - CONTROL NUMBER IDENTIFIER | |
| rucl marc code | BD-RjUL |
| 005 - DATE AND TIME OF LATEST TRANSACTION | |
| control field | 20230206152843.0 |
| 008 - FIXED-LENGTH DATA ELEMENTS--GENERAL INFORMATION | |
| fixed length control field | 230206s1993 su ||||| |||| 00| 0 ara d |
| 035 ## - SYSTEM CONTROL NUMBER | |
| System control number | (BD-RjUL)81178 |
| 040 ## - CATALOGING SOURCE | |
| Original cataloging agency | BD-RjUL |
| Language of cataloging | eng |
| Transcribing agency | BD-RjUL |
| 041 ## - LANGUAGE CODE | |
| Language code of text/sound track or separate title | ara |
| 082 ## - DEWEY DECIMAL CLASSIFICATION NUMBER | |
| Edition number | 23 |
| Classification number | 340.59 |
| Author mark and year | AMM 1993 |
| 100 ## - MAIN ENTRY--PERSONAL NAME | |
| Personal name | al'amin, hasan الأمين، حسن |
| 9 (RLIN) | 6859 |
| 245 14 - TITLE STATEMENT | |
| Title | المضاربة الشرعية وتطبيقاتها الحديثة almudarabat alshareiat watatbiqatuha alhaditha / |
| Statement of responsibility, etc. | حسن الأمين Hassan Amin |
| 250 ## - EDITION STATEMENT | |
| Edition statement | Second edition revised الطبعة الثانية منقحة |
| 260 ## - PUBLICATION, DISTRIBUTION, ETC. (IMPRINT) | |
| Place of publication, distribution, etc. | جدة، السعودية: |
| Name of publisher, distributor, etc. | البنك الإسلامي للتنمية، |
| Date of publication, distribution, etc. | 1993 |
| 300 ## - PHYSICAL DESCRIPTION | |
| Pagination | 66 p. ; |
| Size | 23 cm |
| 650 ## - SUBJECT ADDED ENTRY--TOPICAL TERM | |
| Topical term or geographic name as entry element | Islamic Law |
| 942 ## - ADDED ENTRY ELEMENTS (KOHA) | |
| Source of classification or shelving scheme | Dewey Decimal Classification |
| Koha item type | Books |
| Lost status | Source of classification or shelving scheme | Damaged status | Not for loan | Collection code | Permanent Location | Current Location | Shelving location | Date acquired | Source of acquisition | Total Checkouts | Full call number | Date last seen | Copy number | Koha item type |
|---|---|---|---|---|---|---|---|---|---|---|---|---|---|---|
| Dewey Decimal Classification | Not For Loan | Non-fiction | Central Library, University of Rajshahi | Central Library, University of Rajshahi | Reading Room | 24/07/1995 | Islamic Development Bank , Jeddah | A 340.59 AMM 1993 | 06/02/2023 | C-1 | Books |